ATP Finals 2019 - Singolare - Statistics

Statistiche generali
  • Questo quiz è stato fatto 11 volte
  • Il punteggio medio è 7 su 8
Statistiche sulle risposte
Nazione Risultato Tennista % Corretto
Serbia Round robin Novak Djokovic
100%
Grecia Campione Stefanos Tsitsipas
100%
Germania Semifinale Alexander Zverev
91%
Austria Finale Dominic Thiem
91%
Italia Round robin Matteo Berrettini
91%
Spagna Round robin Rafael Nadal
91%
Svizzera Semifinale Roger Federer
91%
Russia Round robin Daniil Medvedev
82%
Nessun quiz corrispondente trovato
Distribuzione punteggi
Percentuale di utenti per punteggio
Percentile per numero di risposta
I tuoi punteggi nel tempo
Non hai fatto questo quiz